| 000 | 03845cam a22012374i 4500 | ||
|---|---|---|---|
| 003 | PE-LiUPU | ||
| 005 | 20250813185636.0 | ||
| 008 | 150706s2010 pe r 000 0 spa d | ||
| 020 | _a6124506955 | ||
| 020 | _a9786124506956 | ||
| 035 | _a(Sirsi) i9786124506956 | ||
| 040 |
_aPE-LiUPU _bspa _cPE-LiUPU _dPE-LiUPU _erda |
||
| 049 | _aPRUA | ||
| 082 | 0 | 4 |
_a343.602 _bC7 _221 |
| 100 | 1 |
_aCastañeda Santos, Victoriano, _eautor. |
|
| 245 | 1 | 0 |
_aCompendio actualizado del cátalogo nacional de bienes muebles del Estado, SBN / _c[compilación], Victoriano Castañeda Santos. |
| 250 | _a5a edición. | ||
| 264 | 1 |
_aLima : _bCEPREACCSA, _c2010. |
|
| 300 |
_a210 páginas ; _c21 centímetros |
||
| 336 |
_atext _2rdacontent |
||
| 337 |
_aunmediated _2rdamedia |
||
| 338 |
_avolume _2rdacarrier |
||
| 500 | _aEn la cubierta: "Complemento de los libros de texto: Manual práctico para la administración de bienes estatales, Directivas últimas sobre bienes estatatales y Compendio de dispositivos legales sobre bienes estatales". | ||
| 505 | 0 | _aSobre la obligatoriedad de informar a la SBN respecto de los bienes estatales en uso aún no incluidos en el catálogo nacional de bienes muebles del estado -- Sobre la naturaleza y caracteristicas propias de los bienes estatales para ser considerados como: activos fijos, bienes no depreciables, equipo auxiliar -- Sobre la fuente de procedencia de la información contenida en este compendio, así como la finalidad y alcance del mismo, tendente a su difusión hasta los lugares más alejados del país, a los cuales dificilmente llega el diario oficial el peruano y mucho menos se cuenta con internet, al menos hasta ahora. | |
| 526 | _aP202 | ||
| 526 | _aP201 | ||
| 526 | _aP163 | ||
| 526 | _aP162 | ||
| 526 | _aP161 | ||
| 526 | _aP160 | ||
| 526 | _aP148 | ||
| 526 | _aP147 | ||
| 526 | _aP146 | ||
| 526 | _aP145 | ||
| 526 | _aP144 | ||
| 526 | _aP143 | ||
| 526 | _aP142 | ||
| 526 | _aP141 | ||
| 526 | _aP140 | ||
| 526 | _aP139 | ||
| 526 | _aP138 | ||
| 526 | _aP137 | ||
| 526 | _aP136 | ||
| 526 | _aP135 | ||
| 526 | _aP134 | ||
| 526 | _aP133 | ||
| 526 | _aP129 | ||
| 526 | _aP128 | ||
| 526 | _aP127 | ||
| 526 | _aP120 | ||
| 526 | _aP119 | ||
| 526 | _aP118 | ||
| 526 | _aP116 | ||
| 526 | _aP115 | ||
| 526 | _aP114 | ||
| 526 | _aP110 | ||
| 526 | _aP109 | ||
| 526 | _aP108 | ||
| 526 | _aP104 | ||
| 526 | _aP103 | ||
| 526 | _aP102 | ||
| 526 | _aP99 | ||
| 526 | _aP98 | ||
| 526 | _aP97 | ||
| 526 | _aP96 | ||
| 526 | _aP95 | ||
| 526 | _aP93 | ||
| 526 | _aP90 | ||
| 526 | _aP89 | ||
| 526 | _aP88 | ||
| 526 | _aP83 | ||
| 526 | _aP82 | ||
| 526 | _aP62 | ||
| 526 | _aP59 | ||
| 526 | _aP58 | ||
| 526 | _aP57 | ||
| 526 | _aP51 | ||
| 526 | _aP49 | ||
| 526 | _aP48 | ||
| 526 | _aP47 | ||
| 526 | _aP29 | ||
| 526 | _aP24 | ||
| 526 | _aP20 | ||
| 526 | _aP19 | ||
| 526 | _aP17 | ||
| 526 | _aP15 | ||
| 526 | _aP14 | ||
| 526 | _aP12 | ||
| 526 | _aP10 | ||
| 526 | _aP09 | ||
| 526 | _aP08 | ||
| 526 | _aP07 | ||
| 526 | _aP06 | ||
| 526 | _aP05 | ||
| 526 | _aP04 | ||
| 526 | _aP01 | ||
| 541 | _g001-000107; | ||
| 650 | 0 | 4 |
_aBienes patrimoniales _zPerú _vCatálogos. |
| 700 | 1 |
_aCastañeda Santos, Victoriano, _d1945-, _ecompilador. |
|
| 910 |
_agl _cjck _d20131114 |
||
| 942 |
_2ddc _cBOOK |
||
| 949 |
_a343.602 C7 _wDEWEY _c1 _i69081 _lCCODEBUL1 _mBUL _p14.00 _r0 _sY _tBOOK _u2015-7-6 _xFCE _PP08 _o.STAFF. Colección Ciencias Empresariales |
||
| 994 |
_aC0 _bPEPRU |
||
| 596 | _a1 | ||
| 999 |
_a343.602 C7 _wDEWEY _c56163 _i69081 _f2021-11-5 _g6 _lCCODEBUL1 _mBUL _p14.00 _r0 _sY _tBOOK _u2015-7-6 _xFCE _zP08 _0COMPRA _o.STAFF. Colección Ciencias Empresariales _d56163 |
||
| 980 |
_81 _gALBERTO SANCHEZ Responsable de Automatización |
||